| 000 | 00442nam a2200169Ia 4500 | ||
|---|---|---|---|
| 008 | 130318s9999 xx 000 0 und d | ||
| 020 | _a9780070530775 | ||
| 082 | _a621.382 15 KAN/C | ||
| 100 | _aKang, Sung-Mo | ||
| 245 | _aCMOS: Digital integrated circuit analysis and design | ||
| 250 | _a3 | ||
| 260 |
_bTata McGraw Hill _aNew Delhi _c2003 |
||
| 300 | _a655 | ||
| 650 | _aCIRCUIT DESIGN | ||
| 650 | _aCMOS | ||
| 700 | _aLeblebici, Yusuf | ||
| 999 |
_c1699 _d1699 |
||